Statistics for Romanian regions in 30 seconds

Click here to take the quiz!

General Stats

  • This quiz has been taken 362 times
  • The average score is 5 of 9

Answer Stats

NrRegion% Correct
1Transylvania
91%
6Moldova
76%
8Muntenia
65%
7Oltenia
63%
2Banat
61%
9Dobrogea
58%
5Bucovina
45%
3Crișana
43%
4Maramureș
43%

Score Distribution

Percentile by Number Answered

Percent of People with Each Score

Your Score History

You have not taken this quiz